| 000 | 00408nam a2200157 i 4500 | ||
|---|---|---|---|
| 001 | 20878 | ||
| 003 | ES-MaACL | ||
| 005 | 20230906152400.0 | ||
| 007 | t| | ||
| 008 | 021119s1922 fr ||||1| fre d | ||
| 100 | 1 |
_aAlanic, Mathilde. _919119 |
|
| 245 | 1 | 0 |
_aRayonne _b: roman / _cMathilde Alanic. |
| 260 |
_a[ParĂs] : _bLagny E. Grevin, _c1922. |
||
| 300 |
_a286 p. ; _c19 cm. |
||
| 852 |
_aES-MaACL _jF-7705 |
||
| 999 |
_c20878 _d20878 |
||